El camino de Santiago / (Record no. 50614)

MARC details
000 -LEADER
campo de control de longitud fija 00683nam a2200217 i 4500
001 - NÚMERO DE CONTROL
campo de control 50614
003 - IDENTIFICADOR DE NÚMERO DE CONTROL
campo de control ES-MaACL
005 - FECHA Y HORA DE LA ÚLTIMA TRANSACCIÓN
campo de control 20250823051516.0
007 - CAMPO FIJO DE DESCRIPCIÓN FÍSICA--INFORMACIÓN GENERAL
campo de control de longitud fija t|
008 - DATOS DE LONGITUD FIJA--INFORMACIÓN GENERAL
campo de control de longitud fija 030805s1965 sp af |||| | spa d
080 ## - NÚMERO DE LA CLASIFICACIÓN DECIMAL UNIVERSAL
Número de la Clasificación Decimal Universal 914.4+914.60 Camino de Santiago (036)
100 1# - ENTRADA PRINCIPAL--NOMBRE DE PERSONA
Nombre de persona Cunqueiro, Álvaro,
Fechas asociadas al nombre 1911-1981
9 (RLIN) 42188
245 13 - MENCIÓN DEL TÍTULO
Título El camino de Santiago /
Mención de responsabilidad, etc. Álvaro Cunqueiro.
260 ## - PUBLICACIÓN, DISTRIBUCIÓN, ETC.
Lugar de publicación, distribución, etc. [Vigo :
Nombre del editor, distribuidor, etc. Faro de Vigo,
Fecha de publicación, distribución, etc. 1965]
300 ## - DESCRIPCIÓN FÍSICA
Extensión 107 p., lám. col. :
Otras características físicas il. col. ;
Dimensiones 21 cm.
597 ## - NOTA DE DESCRIPCIÓN FÍSICA
NOTA DE DESCRIPCIÓN FÍSICA V. apaisado.
651 #4 - PUNTO DE ACCESO ADICIONAL DE MATERIA--NOMBRE GEOGRÁFICO
Nombre geográfico Galicia-
Subdivisión de forma Guías turísticas.
9 (RLIN) 8727
651 #4 - PUNTO DE ACCESO ADICIONAL DE MATERIA--NOMBRE GEOGRÁFICO
Nombre geográfico Camino de Santiago-
Subdivisión de forma Guías turísticas.
9 (RLIN) 7933
852 ## - LOCALIZACIÓN
Ubicación ES-MaACL
Número de control de estantería C-28491
Holdings
Estatus retirado Estado de pérdida Estado de daño No para préstamo Biblioteca de origen Biblioteca actual Ubicación en estantería Fecha de adquisición Fuente de adquisición Total de préstamos Signatura topográfica completa Código de barras Visto por última vez Precio de reemplazo Tipo de ítem Koha
        Biblioteca del Ateneo de Madrid Biblioteca del Ateneo de Madrid Depósito 2 17/01/2008     C-28491 1053236 23/02/2023 23/02/2023 Libro impreso